000 00823nam a2200265Ia 4500
001 Para_5131
003 CHAP
008 220125s1939 xx 000 0 und d
010 _a203500
040 _cCHAP
090 _aPA FOLLETO 2472
100 _aWeber, George F
_9121293
245 _aNailhead spot of tomato :
_b caused by Alternaria tomato (Cke.) N. Comb. /
_c by George F. Weber
260 _aGainesville, Florida :
_b Agricultural Experiment Station
300 _a54 p.
440 _aFlorida Agri. Exp. Sta. Bull.; 332
_9169321
650 _aTomate
_x Enfermedades por hongos Xanthomonas vesicatoria
_9169322
901 _aPA FOLLETO 2472
902 _aA
905 _a0000001939 GAI 0000000000 00
910 _a1939
942 _cPARA
942 _cPARA
_d1
999 _c203500
_d203500